Bathroom: Common Items - Statistics

General Stats
  • This quiz has been taken 171 times
  • The average score is 9 of 12
Answer Stats
Picture Answer % Correct
Toilet
99%
Soap
98%
Toothbrush
98%
Mirror
88%
Bath
83%
Shower
83%
Perfume
82%
Razor
80%
Towels
70%
Bidet
53%
Basin
39%
Scales
35%
No matching quizzes found
Score Distribution
Percent of People with Each Score
Percentile by Number Answered
Your Score History
You have not taken this quiz